[Event "6th Shamkir Chess 2019"]
[Site "Shamkir"]
[Date "2019.04.06"]
[Round "6.5"]
[White "Topalov, Veselin"]
[Black "Mamedyarov, Shakhriyar"]
[Result "1-0"]
[WhiteElo "2740"]
[BlackElo "2790"]
[Annotator "TA"]
[PlyCount "65"]
[EventDate "2019.03.31"]
[EventType "tourn"]
[EventCountry "AZE"]
[SourceTitle "playchess.com"]
[Source "ChessBase"]
[SourceQuality "1"]

{[%evp 30,65,25,5,23,12,21,0,0,0,0,0,0,0,0,0,0,0,0,-11,0,0,0,0,0,0,0,0,19,31,139,145,165,162,231,237,220,214]} 1. e4 e5 2. Nf3 Nc6 3. Bb5 a6 4. Ba4 Nf6 5. O-O Be7 6. Re1 b5 7. Bb3 d6 8. c3 O-O 9. h3 Bb7 10. d4 Re8 11. Ng5 Rf8 12. Nf3 Re8 13. Nbd2 Bf8 14. a3 g6 15. Ba2 Bg7 16. b4 exd4 {C92: Closed Ruy Lopez: 9...Be6, Karpov and Flohr-Zaitsev Variations} 17. cxd4 a5 {[#]} 18. Rb1 $146 ({Predecessor:} 18. Qb3 Qd7 19. Bb2 axb4 20. axb4 Ra4 21. Bc3 Nh5 22. Bb1 Rxa1 23. Bxa1 Nf4 24. Bc3 {1-0 (77) Inarkiev,E (2723)-Oparin,G (2625) Moscow 2017}) 18... axb4 {The position is equal.} 19. d5 Ne5 20. Nxe5 dxe5 21. Rxb4 c6 22. dxc6 Bxc6 23. Qf3 Bf8 24. Rb1 Ra4 25. Nf1 Rxe4 26. Rd1 Qe7 {White must now prevent ...Rd4.} 27. Bg5 Bg7 28. Ne3 $36 {[%mdl 2048] Hoping for Bd5. White is more active.} Qxa3 29. Ra1 $1 Qc5 {[#]} (29... Qe7 $14) 30. Rdc1 $1 $16 {[%cal Rc1c5] White is clearly better.} ({Weaker is} 30. Bxf6 Rf4 $17) 30... Rc4 {[#]} 31. Qd1 $1 Ne4 (31... e4 {is a better defense.}) 32. Bxc4 $18 bxc4 33. Rxc4 {Accuracy: White = 86%, Black = 49%.} 1-0

[Event "6th Shamkir Chess 2019"]
[Site "Shamkir"]
[Date "2019.04.07"]
[Round "7.1"]
[White "Mamedyarov, Shakhriyar"]
[Black "Ding, Liren"]
[Result "1/2-1/2"]
[WhiteElo "2790"]
[BlackElo "2812"]
[Annotator "TA"]
[PlyCount "108"]
[EventDate "2019.03.31"]
[EventType "tourn"]
[EventCountry "AZE"]
[SourceTitle "playchess.com"]
[Source "ChessBase"]
[SourceQuality "1"]

{[%evp 10,108,10,0,0,0,0,0,0,0,0,0,-6,-14,-10,-10,-4,-11,-12,-15,3,-7,13,5,5,8,6,7,22,0,0,0,0,0,0,0,0,0,0,0,0,0,0,0,0,0,0,0,2,0,0,0,0,0,0,0,0,-85,0,0,0,0,0,0,0,0,0,0,0,0,0,0,0,0,0,0,0,0,0,0,0,0,0,0,0,0,0,0,0,0,0,0,0,0,0,0,0,0,0,0,0]} 1. d4 Nf6 2. c4 e6 3. Nf3 d5 4. Bg5 dxc4 5. Qa4+ Nbd7 6. e4 Be7 {D30: Queen's Gambit Declined: Systems without Nc3} (6... a6 7. Bxc4 h6 8. Bxf6 Qxf6 9. O-O Rb8 10. e5 Qd8 11. Qc2 b5 12. Bxe6 fxe6 13. Qg6+ Ke7 14. d5 {0-1 (41) Mamedyarov,S (2817)-Sevian,S (2647) chess.com INT 2019}) 7. Nc3 O-O 8. Bxc4 Nb6 9. Qb3 Nxc4 10. Qxc4 a6 $146 ({Predecessor:} 10... b6 11. O-O-O Bb7 12. Bxf6 Bxf6 13. e5 Be7 {½-½ (40) Ikonnikov,V (2560)-Van der Stricht,G (2400) Gent 2005}) 11. O-O b5 12. Qe2 Bb7 13. Bxf6 Bxf6 14. Rfd1 Qe8 15. Qe3 e5 16. dxe5 Bxe5 17. Nxe5 Qxe5 18. f3 Rad8 19. Rxd8 Rxd8 20. Rd1 Rxd1+ 21. Nxd1 h6 22. Qc3 (22. Qd2 {feels hotter.} Kh7 23. Qd7 Qc5+ 24. Kf1 Qc4+ 25. Kf2) 22... Qxc3 23. Nxc3 $11 {[%mdl 4096] Endgame KB-KN} c5 24. a3 Kf8 25. b4 Ke7 26. Kf2 Kd6 27. Ke3 Bc8 28. f4 Be6 29. e5+ Kc6 30. h3 h5 31. Ne4 $1 {[%cal Re4c5]} cxb4 32. axb4 Kd5 33. Nd6 (33. Ng5 $11 {keeps the balance.}) 33... h4 (33... g6 $1 $17) 34. Ne8 $1 {The position is equal.} g6 35. Nc7+ Kc4 36. Nxe6 fxe6 {KP-KP} 37. g4 $1 hxg3 ({Wrong is} 37... Kxb4 $2 38. f5 $1 $18 {[%mdl 512]}) 38. h4 $1 {[%cal Rh4h5]} Kd5 {And now ...a5! would win.} ({Avoid the trap} 38... Kxb4 $2 {[#]} 39. h5 $1 $18 {[%mdl 512]}) (38... g2 $5 39. Kf2 $8 g1=R 40. Kxg1 Kd5 $11) 39. Kf3 Kc6 {Threatens to win with ...a5!} 40. Kxg3 {[#]} a5 $1 {[%mdl 512]} 41. bxa5 b4 {...b3 is the strong threat.} 42. h5 gxh5 {K3P-K3P} (42... b3 $5 43. h6 $8 b2 $11) 43. f5 $1 {[%cal Rf5e6]} b3 44. f6 {next f7 is good for White.} b2 45. f7 b1=Q {( -> ...Qg6+)} 46. f8=Q {KQ-KQ} Qg1+ 47. Kh3 Qg4+ 48. Kh2 Qe2+ 49. Kh3 Qxe5 {aiming for ...Qf5+.} 50. Qb4 Qb5 51. Qe4+ Qd5 52. Qb4 Qb5 53. Qe4+ Qd5 54. Qb4 Qb5 {Accuracy: White = 76%, Black = 72%.} 1/2-1/2

[Event "6th Shamkir Chess 2019"]
[Site "Shamkir"]
[Date "2019.04.07"]
[Round "7.2"]
[White "Navara, David"]
[Black "Karjakin, Sergey"]
[Result "1/2-1/2"]
[WhiteElo "2739"]
[BlackElo "2753"]
[Annotator "TA"]
[PlyCount "80"]
[EventDate "2019.03.31"]
[EventType "tourn"]
[EventCountry "AZE"]
[SourceTitle "playchess.com"]
[Source "ChessBase"]
[SourceQuality "1"]

{[%evp 13,80,3,13,0,0,0,0,0,0,0,0,-33,-33,-23,70,-30,40,33,47,34,33,34,54,56,83,23,14,15,8,0,0,0,16,0,0,-2,8,0,0,0,0,0,0,0,0,0,0,0,0,0,0,0,0,0,0,0,0,0,0,0,0,0,0,0,0,0,0,0,0]} 1. c4 Nf6 2. Nf3 e6 3. g3 d5 4. Bg2 dxc4 5. Qa4+ Nbd7 6. Qxc4 a6 7. Qb3 Rb8 8. d4 {A13: English Opening: 1...e6} (8. O-O b5 9. d4 Bb7 10. Bf4 Bd6 11. Nbd2 Bxf4 12. gxf4 c5 13. dxc5 Nxc5 14. Qe3 Qe7 15. Rac1 Rc8 {½-½ (80) Zhou,J (2606)-Andreikin,D (2720) Baku 2015}) 8... b5 9. Ne5 Nxe5 10. dxe5 Nd7 11. O-O c5 $146 ({Predecessor:} 11... Nxe5 12. Rd1 Bd6 13. Bf4 Qf6 14. Nc3 O-O 15. Ne4 Qe7 16. Nxd6 cxd6 {½-½ (24) Greenfeld,A (2521)-Mikhalevski,A (2423) Israel 2018}) 12. a4 Be7 13. axb5 O-O ({Black should try} 13... axb5 $11 14. Rd1 O-O) 14. Rd1 ({Better is} 14. Qa2 $14 axb5 15. Qa7) 14... Qc7 ({Black should play} 14... axb5 $11 15. Nc3 c4) 15. Nc3 $14 axb5 16. Nxb5 Qb6 17. Qa4 $1 Nxe5 18. Bf4 Bf6 19. Nc3 (19. Nd6 $16) 19... Bb7 $11 20. Bxb7 {The position is equal.} Qxb7 21. Ne4 {[#] Black must now prevent Bxe5.} Qxb2 22. Ra2 Qb4 23. Qxb4 cxb4 24. Ra5 Nc4 25. Bxb8 Nxa5 26. Bd6 $1 Rd8 {[#] And now ...Nc4 would win.} 27. Rb1 Nc6 28. Rc1 Nd4 29. Kf1 b3 30. Rb1 Nf5 31. Nxf6+ gxf6 {[%mdl 4096] Endgame KRB-KRN} 32. Bb4 Rb8 33. Rxb3 h5 34. Rb2 Kg7 35. Bc3 Rc8 36. Rb3 Rc4 37. Kg2 Nd4 38. Bxd4 $1 Rxd4 39. e3 Ra4 40. Rb5 f5 {Accuracy: White = 58%, Black = 56%.} 1/2-1/2

[Event "6th Shamkir Chess 2019"]
[Site "Shamkir"]
[Date "2019.04.07"]
[Round "7.3"]
[White "Carlsen, Magnus"]
[Black "Giri, Anish"]
[Result "1-0"]
[WhiteElo "2845"]
[BlackElo "2797"]
[Annotator "TA"]
[PlyCount "76"]
[EventDate "2019.03.31"]
[EventType "tourn"]
[EventCountry "AZE"]
[SourceTitle "playchess.com"]
[Source "ChessBase"]
[SourceQuality "1"]

{[%evp 15,76,0,14,20,16,0,15,0,0,0,10,10,10,10,10,10,18,21,12,3,19,-23,72,62,352,324,355,360,320,351,382,378,343,361,345,330,489,316,283,145,147,141,148,148,140,138,137,142,142,118,233,237,369,381,360,357,569,543,534,513,583,602,577]} 1. c4 e5 2. Nc3 Nf6 3. Nf3 Nc6 4. g3 d5 5. cxd5 Nxd5 6. Bg2 Bc5 7. O-O O-O 8. d3 h6 9. Nxd5 {A29: English Opening: Four Knights Variation with 4 g3} (9. Bd2 Be6 10. Na4 Bb6 11. a3 f5 12. Qc2 Qd6 13. Rac1 Rad8 14. Nxb6 axb6 15. e3 f4 16. gxf4 exf4 {0-1 (24) Zupe,M (2260)-Fenil,S (2346) Skopje 2018}) 9... Qxd5 10. a3 a5 $146 ({Predecessor:} 10... Bg4 11. b4 Be7 12. Be3 Qe6 13. Qc2 a6 14. Rfd1 Rad8 15. Qc4 Qxc4 16. dxc4 Bf6 17. Rxd8 Rxd8 {0-1 (52) Bordes Guasch,J (1774)-Mari Copa,A (2016) Eivissa 2015}) 11. Bd2 {The position is equal.} Qe6 12. Rc1 Qe7 13. Bc3 Nd4 14. e3 Nxf3+ 15. Qxf3 Bd6 16. Qh5 c6 17. f4 exf4 18. gxf4 Qxe3+ (18... Kh7 $11) 19. Kh1 $16 {aiming for Be4.} Rd8 $2 {[%mdl 8192]} (19... f6 $1 $14) 20. Rce1 $18 Qc5 {[#]} (20... Qxd3 21. f5 $18) 21. f5 $1 Bf8 22. Be4 Rd5 23. Rf3 b5 24. Rg1 Ra7 25. Bf6 g6 (25... Rd6 $142 26. d4 Rxd4) 26. Qh3 Rd6 27. Qh4 (27. d4 $18 Rxd4 28. fxg6 Rxe4 29. Qxc8 fxg6 30. Bc3) 27... Rxf6 $16 28. Qxf6 $40 {[%mdl 192] [#] Double Attack. White has strong attack.} Be7 29. Qxc6 Qxc6 30. Bxc6 Kg7 31. fxg6 fxg6 32. d4 a4 (32... Bd6 $16 33. Bd5 Re7) 33. d5 $18 b4 (33... Bd6 $142 34. Bxb5 Re7) 34. Be8 Bg5 35. h4 ({But not} 35. axb4 Re7 $18) 35... Bxh4 (35... Re7 {might work better.} 36. hxg5 Rxe8 37. gxh6+ Kxh6) 36. Rxg6+ {White is clearly winning.} Kh7 37. Rc6 Bg4 38. Rf4 Rg7 {Accuracy: White = 70%, Black = 44%.} 1-0

[Event "6th Shamkir Chess 2019"]
[Site "Shamkir"]
[Date "2019.04.07"]
[Round "7.4"]
[White "Radjabov, Teimour"]
[Black "Topalov, Veselin"]
[Result "1/2-1/2"]
[WhiteElo "2756"]
[BlackElo "2740"]
[Annotator "TA"]
[PlyCount "76"]
[EventDate "2019.03.31"]
[EventType "tourn"]
[EventCountry "AZE"]
[SourceTitle "playchess.com"]
[Source "ChessBase"]
[SourceQuality "1"]

{[%evp 18,76,18,-3,-6,5,-8,-3,22,20,26,0,2,-11,9,10,14,-10,0,0,22,19,16,0,0,0,0,0,0,2,2,0,22,0,0,0,0,0,0,0,0,0,0,0,0,0,0,0,0,0,0,0,0,0,0,0,0,0,0,0,0]} 1. e4 e5 2. Nf3 Nc6 3. d4 exd4 4. Nxd4 Nf6 5. Nxc6 bxc6 6. e5 Qe7 7. Qe2 Nd5 8. c4 Nb6 9. Nc3 {[%cal Bb1c3,Bc3e4,Be4f6][%mdl 32]} a5 10. Bd2 {LiveBook: 52 Games. C45: Scotch Game} g6 (10... Ba6 11. b3 Qe6 12. Qe4 O-O-O 13. Be2 Re8 14. O-O Qxe5 15. Qc2 Bd6 16. g3 Bb7 17. Bf3 Qf6 {½-½ (42) Van Foreest,J (2609)-Almasi,Z (2707) Heraklio 2017}) 11. Ne4 Bg7 12. Nf6+ Kd8 13. O-O-O Ba6 14. Qg4 {Hoping for Bg5.} Kc8 {The position is equal.} ({And not} 14... Qxe5 15. Bc3 $16) 15. Bxa5 {[#]} h5 $146 {[%mdl 2048] Black is not keeping still} ({Predecessor:} 15... Qxe5 16. Bc3 Qe6 17. Qxe6 fxe6 18. Nxd7 {½-½ (18) Wiersma,E (2414)-Ernst,S (2512) Hilversum 2006}) 16. Qg3 {[#] aiming for Bxb6.} h4 17. Qg4 {And now Bxb6 would win.} Qxe5 18. Bc3 Qf5 19. Qxf5 gxf5 20. Nxd7 Bxc3 21. Nxb6+ cxb6 22. bxc3 Kc7 23. Be2 Rag8 24. Rhg1 c5 25. g3 hxg3 26. hxg3 Rh2 27. Rgf1 f4 28. Rd2 Bc8 29. Bf3 fxg3 30. fxg3 Rxd2 31. Kxd2 Rxg3 $11 {[%mdl 4096] Endgame KRB-KRB} 32. Bd5 Be6 33. Bxe6 fxe6 {KR-KR} 34. Rf7+ Kd6 35. Rb7 Kc6 36. Re7 Kd6 37. Rb7 Kc6 38. Re7 Kd6 {Precision: White = 64%, Black = 67%.} 1/2-1/2

[Event "6th Shamkir Chess 2019"]
[Site "Shamkir"]
[Date "2019.04.08"]
[Round "8.1"]
[White "Grischuk, Alexander"]
[Black "Navara, David"]
[Result "1-0"]
[WhiteElo "2771"]
[BlackElo "2739"]
[Annotator "TA"]
[PlyCount "79"]
[EventDate "2019.03.31"]
[EventType "tourn"]
[EventCountry "AZE"]
[SourceTitle "playchess.com"]
[Source "ChessBase"]
[SourceQuality "1"]

{[%evp 9,79,0,17,22,32,30,31,12,14,6,0,-3,23,9,19,12,21,22,27,27,23,10,52,58,83,80,96,89,141,137,203,203,203,202,202,202,200,200,196,189,193,195,280,280,267,280,287,280,531,495,541,493,480,483,541,538,533,539,547,547,547,547,535,516,664,638,629,622,718,708,29987,29987]} 1. e4 c6 2. d4 d5 3. e5 c5 4. dxc5 e6 5. a3 (5. Nf3 Bxc5 6. a3 Ne7 7. Bd3 Ng6 8. O-O O-O 9. Nbd2 Nc6 10. b4 Bb6 11. Bxg6 fxg6 12. Nb3 Bd7 13. Re1 {1-0 (29) Anand,V (2773)-Mamedyarov,S (2817) Wijk aan Zee 2019}) 5... Nc6 6. Nf3 {B12: Caro-Kann: Advance Variation} Bxc5 7. b4 Bb6 8. b5 {White is slightly better.} Nb8 9. Bb2 $146 ({Predecessor:} 9. Bd3 Nd7 10. O-O Ne7 11. a4 Ng6 12. Qe2 a6 13. c4 dxc4 14. Bxg6 hxg6 15. Nc3 O-O {½-½ (15) Holroyd,K (2481)-Ruefenacht,M (2473) ICCF email 2014}) 9... a6 10. a4 Nh6 11. Be2 axb5 12. axb5 Rxa1 13. Bxa1 Nd7 14. O-O O-O 15. c4 f6 16. Nbd2 Ng4 {[%cal Rf6e5]} 17. exf6 Ndxf6 {[#] Threatens to win with ...Nxf2.} 18. h3 Nxf2 (18... Nh6 $142) 19. Rxf2 $16 Ne4 (19... dxc4 $16 20. Qe1 (20. Nxc4 Bxf2+ 21. Kxf2 Ne4+ 22. Ke1 Qxd1+ 23. Kxd1 Rd8+ 24. Kc2 Bd7 $18) 20... Bc5) 20. Nxe4 $18 dxe4 21. Qxd8 Rxd8 22. Ng5 Rd2 {White must now prevent ...Rxe2.} 23. c5 $1 {[%cal Rc5b6]} Bxc5 {And now ...Rxe2 would win.} 24. Nxe4 {[%mdl 64] [#] Double Attack} Bxf2+ 25. Kxf2 Rc2 (25... Rd5 $142 26. Bc3 Bd7) 26. Ke3 Bd7 27. Nd6 Rc5 {Now ...Rd5 and Black clings on.} 28. Nxb7 Rg5 $2 (28... Rd5 29. Bc4 Rxb5) 29. b6 Rxg2 30. Na5 {Strongly threatening b7.} Bc8 31. Be5 Rg1 32. b7 Bxb7 33. Nxb7 Rh1 34. Bg4 Kf7 35. Nd6+ Ke7 36. Ne4 h5 37. Ng3 Re1+ 38. Be2 g6 39. h4 Ra1 40. Bxa1 {Accuracy: White = 89%, Black = 41%.} 1-0

[Event "6th Shamkir Chess 2019"]
[Site "Shamkir"]
[Date "2019.04.08"]
[Round "8.2"]
[White "Radjabov, Teimour"]
[Black "Anand, Viswanathan"]
[Result "1/2-1/2"]
[WhiteElo "2756"]
[BlackElo "2779"]
[Annotator "TA"]
[PlyCount "65"]
[EventDate "2019.03.31"]
[EventType "tourn"]
[EventCountry "AZE"]
[SourceTitle "playchess.com"]
[Source "ChessBase"]
[SourceQuality "1"]

{[%evp 18,65,8,12,17,13,31,20,21,27,31,20,23,8,10,12,12,14,15,15,14,17,12,17,14,20,18,1,0,0,0,1,2,8,9,9,8,0,4,17,18,15,12,16,39,0,0,0,47,0]} 1. d4 Nf6 2. c4 e6 3. Nf3 d5 4. Nc3 Be7 5. Bf4 O-O 6. e3 c5 7. dxc5 Bxc5 8. cxd5 Nxd5 9. Nxd5 exd5 10. Bd3 Bb4+ {D37: Queen's Gambit Declined: 5 Bf4} 11. Nd2 d4 {[#] White must now prevent ...dxe3.} 12. Qc2 h6 $146 {The position is equal.} ({Predecessor:} 12... Nc6 13. O-O g6 14. Be4 dxe3 15. Bxe3 Nd4 16. Qc4 Bxd2 17. Bxd4 Re8 18. Rad1 {½-½ (33) Grischuk,A (2766)-Nakamura,H (2777) Saint Louis 2018}) 13. O-O Nc6 14. a3 Bd6 15. Bxd6 Qxd6 16. e4 Ne5 17. Nc4 Nxc4 18. Qxc4 Be6 19. Qb4 Qxb4 20. axb4 Rfc8 21. Rfc1 g5 22. Kf1 Rxc1+ 23. Rxc1 $11 {[%mdl 4096] Endgame KRB-KRB} a5 24. b5 a4 25. Ke2 a3 26. bxa3 Rxa3 27. Rc7 Ra2+ 28. Ke1 b6 29. Rc6 Ra1+ 30. Kd2 Ra2+ 31. Ke1 Ra1+ 32. Kd2 Ra2+ 33. Ke1 {Accuracy: White = 60%, Black = 80%.} 1/2-1/2

[Event "6th Shamkir Chess 2019"]
[Site "Shamkir"]
[Date "2019.04.08"]
[Round "8.3"]
[White "Karjakin, Sergey"]
[Black "Carlsen, Magnus"]
[Result "0-1"]
[WhiteElo "2753"]
[BlackElo "2845"]
[Annotator "TA"]
[PlyCount "78"]
[EventDate "2019.03.31"]
[EventType "tourn"]
[EventCountry "AZE"]
[SourceTitle "playchess.com"]
[Source "ChessBase"]
[SourceQuality "1"]

{[%evp 24,78,0,0,31,22,38,34,34,31,31,29,27,39,38,27,47,14,4,14,7,20,8,10,26,-17,-20,-34,-38,-41,-37,-56,-41,-39,-43,-40,-53,-103,-95,-92,-91,-137,-132,-349,-346,-326,-303,-383,-396,-503,-508,-507,-496,-800,-776,-1088,-1058]} 1. e4 c5 2. Nf3 Nc6 3. d4 cxd4 4. Nxd4 Nf6 5. Nc3 e5 6. Ndb5 d6 7. Nd5 Nxd5 8. exd5 Ne7 9. c4 Ng6 10. Qa4 Bd7 11. Qb4 Bf5 12. Qa4 Bd7 13. Qb4 Bf5 {B33: Sicilian: Pelikan and Sveshnikov Variations} 14. h4 h5 {[#]} 15. Bg5 $146 ({Predecessor:} 15. Be3 a6 16. Nc3 Qc7 17. g3 Be7 18. f3 Nf8 19. Ne4 {½-½ (31) Caruana,F (2832)-Carlsen,M (2835) London 2018}) 15... Qb8 {White is slightly better.} 16. Be2 a6 17. Nc3 Qc7 18. g3 Be7 19. Be3 e4 20. O-O O-O 21. Bxh5 Ne5 22. Be2 Qd7 23. Qa4 Qc8 24. c5 dxc5 25. Nxe4 c4 26. Nc3 b5 {[%cal Bb7b5,Bb5b4][%mdl 1056] Black has compensation.} 27. Qd1 b4 28. Na4 Be4 $1 {[#] Hoping for ...Qh3.} 29. Qd4 Qf5 30. f4 Qg6 {[%cal Rg6g3]} 31. Bf2 Nd3 32. h5 {[#]} Qf5 $1 $40 {[%mdl 128] Black attacks with force.} 33. Bg4 $2 (33. Bxd3 $17 {might work better.} cxd3 34. Qe5 Qxe5 35. fxe5 Bxd5 36. Be3) 33... Qxg4 $19 ({Not} 33... Qxd5 34. Qxd5 Bxd5 35. Nb6 $15) 34. Qxe4 Bd6 {[%cal Rd3f4] ...Nxf4 is the strong threat.} 35. Qg2 Rae8 36. Bd4 Qxh5 {Black is clearly winning.} 37. Qf3 Qg6 38. Kh1 (38. Be3 $142 Re4 39. f5 Qxg3+ 40. Qxg3 Bxg3 41. Bb6) 38... Re4 39. Bf2 Rfe8 {Accuracy: White = 43%, Black = 89%.} 0-1

[Event "6th Shamkir Chess 2019"]
[Site "Shamkir"]
[Date "2019.04.08"]
[Round "8.4"]
[White "Topalov, Veselin"]
[Black "Ding, Liren"]
[Result "0-1"]
[WhiteElo "2740"]
[BlackElo "2812"]
[Annotator "TA"]
[PlyCount "219"]
[EventDate "2019.03.31"]
[EventType "tourn"]
[EventCountry "AZE"]
[SourceTitle "playchess.com"]
[Source "ChessBase"]
[SourceQuality "1"]

{[%evp 10,219,0,0,22,18,17,18,6,6,20,17,17,24,16,4,11,0,7,0,0,0,0,0,19,0,0,-18,-8,-8,0,-3,0,0,5,7,6,0,0,0,0,0,0,0,-6,-81,-81,-44,-53,-75,0,0,0,0,0,0,0,0,0,-8,0,0,0,0,0,-43,0,0,0,-72,-72,-72,-72,-72,-72,-72,-72,-72,0,0,0,-72,-72,-72,-72,-72,-72,-72,-72,-72,-72,-72,-19,-19,-19,-19,-19,-20,-20,-20,-20,-47,-47,-47,0,0,0,0,0,0,0,-34,-34,-34,-34,-34,-34,-34,-34,-34,-34,-34,0,-34,0,0,0,0,0,0,0,-34,-34,-34,-34,-34,-34,-34,-34,-34,-34,-34,-34,-34,-34,-34,-34,-34,-34,-34,-34,-34,-34,-34,-34,-34,-34,-34,-34,-34,-34,-34,-34,-34,0,-34,-34,-34,-34,-34,0,-34,0,-34,-34,-34,-34,-34,-34,-34,-34,-34,-34,-29955,-29960,-38,-36,-29963,-29964,-29962,-29965,-29965,-29968,-29968,-29969,-29969,-29970,-29970,-29969,-29975,-29976,-29975,-29976,-29976,-38,-29988,-29989,-29989,-29989,-29989,-29990,-29990]} 1. d4 Nf6 2. c4 e6 3. Nc3 Bb4 4. Nf3 O-O 5. Qc2 d5 6. Bg5 h6 {E32: Nimzo-Indian: Classical (4 Qc2): 4...0-0} (6... dxc4 {feels hotter.} 7. e4 h6 8. Bxf6 Qxf6 9. Bxc4 Nc6) 7. Bxf6 Qxf6 8. a3 Bxc3+ $1 {The position is equal.} 9. Qxc3 dxc4 10. Qxc4 Nc6 11. Qc3 Re8 12. Ne5 $146 ({Predecessor:} 12. Rd1 e5 13. d5 Nb8 14. e4 c6 15. Bc4 {½-½ (43) Ivanchuk,V (2732)-Wei,Y (2740) Hoogeveen 2017}) 12... Rb8 13. g3 Rd8 14. e3 Nxe5 15. dxe5 Qf3 16. Rg1 Qc6 (16... Bd7 {with more complications.} 17. Be2 Qc6 18. Rc1 Qb6 19. f4 Ba4) 17. Qxc6 bxc6 18. Rb1 c5 19. Be2 Kf8 20. f3 Ke7 21. Bc4 Rb6 22. Ke2 Bd7 23. b3 Rdb8 24. Rbc1 Bb5 $1 25. Rgd1 Ra6 26. Bxb5 Rxb5 $11 {[%mdl 4096] Endgame KRR-KRR} 27. Rd3 (27. a4 $11 Rxb3 28. Rxc5) 27... Rxa3 $17 28. Rcd1 {White wants to mate with Rd7+.} Ra2+ ({Stronger than} 28... Raxb3 29. Rd7+ Ke8 30. Rd8+ Ke7 31. R1d7#) 29. Ke1 {Intending Rd7+ and mate.} Rb8 (29... f5 $1 $17 30. Rd7+ Ke8 31. Rxg7 Rxb3) 30. Rd7+ $11 Kf8 31. Rxc7 Kg8 32. Rd2 Rxd2 33. Kxd2 Rxb3 34. Rxc5 {KR-KR} Rb2+ 35. Kd3 Rxh2 36. g4 Ra2 37. Rc8+ Kh7 38. Rc7 Kg6 39. f4 (39. e4 $11) 39... Rg2 $1 $17 40. Ke4 Rxg4 41. Kf3 Rg1 42. Rxa7 h5 43. Ra8 Kh7 ({Black should try} 43... Rf1+ $17 44. Kg2 Re1) 44. Rf8 $11 Kg6 45. Rh8 (45. Ra8 $1 $11 {keeps the balance.}) 45... Ra1 46. Kg2 Ra5 47. Kf3 Rb5 48. Re8 Rb7 49. Rh8 Ra7 50. Kg2 f6 (50... Ra2+ $17 51. Kf3 Ra3) 51. exf6 gxf6 52. Re8 Kf7 53. Rh8 Ra5 54. Kf3 Kg7 55. Re8 e5 56. Ke4 h4 57. fxe5 fxe5 58. Kf5 h3 {Strongly threatening ...h2.} 59. Re7+ Kh6 60. Re8 Ra7 61. Rb8 h2 62. Rb6+ $1 Kh5 63. Rb1 Kh4 64. e4 Re7 65. Ra1 Re8 66. Rb1 Kg3 67. Rb3+ $1 Kg2 68. Rb2+ Kh3 69. Rb3+ $1 Kh4 (69... Kg2 $2 70. Rb2+ Kg3 71. Rb3+ Kh4 72. Rb1 $19) 70. Rb1 Rh8 71. Kxe5 Kg3 72. Rh1 Kg2 73. Rxh2+ $1 Rxh2 $15 {KR-KP} 74. Kf6 Kf3 75. e5 Kf4 76. e6 Rh6+ 77. Kf7 Kf5 78. e7 Rh7+ 79. Kf8 Kf6 {[%cal Rh7h8]} 80. e8=N+ {KR-KN} Kg6 {White must now prevent ...Rd7.} 81. Nd6 Rd7 82. Ne8 Rf7+ 83. Kg8 Ra7 84. Kf8 Rd7 {Hoping for ...Rf7+.} 85. Kg8 Rf7 {And now ...Re7 would win.} 86. Nd6 Rd7 87. Ne8 Kf5 88. Kf8 $1 Kg5 (88... Kf4 {is interesting.} 89. Nf6 Rb7 90. Ne8 Ke5 91. Ng7 Ke4) 89. Kg8 Kg6 90. Kf8 Rf7+ 91. Kg8 Rf1 92. Ng7 Kf6 {( -> ...Rg1)} 93. Nh5+ Kg5 94. Ng7 Kg6 {Threatens to win with ...Kf6.} 95. Ne8 Rf3 {aiming for ...Rd3.} 96. Ng7 $2 {[%mdl 8192]} (96. Nc7 $15 Rc3 97. Ne8) 96... Kf6 $1 97. Nh5+ Ke6 {...Kf5 is the strong threat.} 98. Kh7 $2 {[%mdl 8192]} (98. Kg7 $15 Rf1 99. Kh7) 98... Kf5 $1 99. Ng7+ Kf6 $1 100. Nh5+ Kg5 101. Ng7 Rh3+ 102. Kg8 Kf6 $1 103. Ne8+ Ke6 104. Ng7+ {[#]} Ke7 $1 105. Nf5+ {[#]} Kf6 $1 106. Nd6 Rh5 $2 (106... Rd3 {mates} 107. Ne8+ Ke7 108. Ng7 Rd5 109. Kh7 Kf8 110. Kg6 Rd6+ 111. Kh7 Rd7 112. Kg6 Rxg7+ 113. Kf5 Re7 114. Kf6 Re2 115. Kg6 Rf2 116. Kg5 Kg7 117. Kg4 Kg6 118. Kg3 Rf7 119. Kg4 Rf5 120. Kh3 Rg5 121. Kh4 Kf5 122. Kh3 Kf4 123. Kh4 Re5 124. Kh3 Re2 125. Kh4 Rh2#) 107. Nf7 $2 {[%mdl 8192]} (107. Ne4+ $15 Kg6 108. Nd6) 107... Rd5 {Black mates.} 108. Nh6 Rd8+ 109. Kh7 Rd7+ 110. Kg8 {Accuracy: White = 69%, Black = 70%.} 0-1